[Event "Ruhrgebiet VL2 0910"]
[Site "Germany"]
[Date "2010.02.21"]
[Round "7.4"]
[White "Hufelschulte, Norbert"]
[Black "Borjini, Faousi"]
[Result "1-0"]
[WhiteElo "2005"]
[BlackElo "1915"]
[PlyCount "115"]
[EventDate "2009.09.06"]
[EventType "team-tourn"]
[EventRounds "9"]
[EventCountry "GER"]
[SourceTitle "EXT 2011"]
[Source "ChessBase"]
[SourceDate "2010.11.26"]
[SourceVersion "1"]
[SourceVersionDate "2010.11.26"]
[SourceQuality "1"]
[WhiteTeam "Hamm SVg"]
[BlackTeam "Dortmund FS 98"]
[WhiteTeamCountry "GER"]
[BlackTeamCountry "GER"]

1. d4 Nf6 2. c4 g6 3. Nc3 Bg7 4. e4 d6 5. Be2 Nbd7 6. Bg5 c5 7. d5 Qa5 8. Bd2 Qc7 9. Qc1 h5 10. Nf3 Ng4 11. 0-0 Nde5 12. Ne1 Nd7 13. h3 Nh6 14. Nf3 Ng8 15. Ng5 Ngf6 16. f4 0-0 17. Qc2 Nh7 18. Nxh7 Kxh7 19. e5 dxe5 20. f5 Nf6 21. Bd3 gxf5 22. Bxf5+ Kh8 23. Bg5 Bxf5 24. Rxf5 Nh7 25. Bh4 e6 26. Rxh5 f5 27. dxe6 e4 28. Rf1 Bd4+ 29. Kh1 Qe5 30. e7 Rf7 31. Nd5 Rg8 32. Qa4 Qg7 33. Qc2 Qg6 34. Qe2 Be5 35. Nf4 Qd6 36. g3 Bxf4 37. Rxf4 Rxe7 38. Bxe7 Qxe7 39. Kh2 e3 40. Rf3 f4 41. Rxf4 Rd8 42. Rd5 Rxd5 43. cxd5 Nf6 44. d6 Qe5 45. d7 Nxd7 46. Rf3 Nf6 47. Rxe3 Qg5 48. Re7 Qd5 49. Qe3 Qh5 50. Qf4 Qg6 51. Qb8+ Ng8 52. Qe5+ Nf6 53. Qxc5 Qh6 54. Qc3 Qf8 55. Re6 Kg7 56. Qxf6+ Qxf6 57. Rxf6 Kxf6 58. Kg2 1-0